Регионална библиотека "Любен Каравелов" - Русе

Famous operatic arias (Запис номер 515700)

MARC детайли
000 -Лидер
Лидер 01366njm a2200289 a 4500
003 - Код на организацията, давaща контролен номер
Код на организацията, даваща контролен номер BLK
005 - Дата и час на последна редакция
Дата и час на последна редакция 20240822092555.0
007 - Фиксирано поле за физическо описани
Физическо описание sd ammalaaahaa
008 - Елементи от данни с фиксирана дължина
Елементи с фиксирана дължина 240822b bul||n|| |||||||| n|bulo|
028 ## - PUBLISHER NUMBER
Издателски номер SUA 10917
040 ## - Източник на каталожния запис
Код на библиотеката BLK
041 ## - Код за език
Език на записа Чешки
Език за КДБФ Други славянски езици
080 ## - УДК
УДК текст Опера, музикална драма - изпълнители
УДК код 782.1.071.2
УДК – определител (086.72)
УДК – код + определител 782.1.071.2(086.72)
100 ## - Редна дума - Автор
R(LIN) 494129
Автор Bardini, Gaetano
245 ## - Сведения за заглавието
Заглавие Famous operatic arias
Авторска отговорност Gaetano Bardini - tenor ; Ostrava State Philharmonic Orchestra ; dir. Ino Savini
260 ## - Област на издателските данни
Място на издаване Praha
Име на издателя Supraphon
Година на издаване 1968
9 (RLIN) 210746
300 ## - Физическа характеристика
Брой страници 1 грамофонна плоча 33 об./мин.
Илюстрации моно
Размер 30 см
380 ## - Жанр
Жанр Изкуство
490 ## - СЕРИИ (Колекции)
9 (RLIN) 494133
Серия Artia
500 ## - Общи забележки
Обща забележка Manon Lescaut, "Ah! Manon, mi tradisce"; "Donna non vidi mai" ; Andrea Chénier, "Un di all' azzurro spazio" ; Tosca, "E lucevan le stelle" ; Cavalleria Rusticana, "Mamma, quel vino è generoso"<br/>La Gioconda, "Cielo e mar" ; Turandot, "Nessun dorma"; "Non piangere, Liu" ; Marta, "M'appari" ; Tosca, "Recondita armonia"<br/>Andrea Chénier, "Come un bel di di maggio" ; L' Africana, "O, paradiso
650 #0 - Допълнително описание по предмет – тема
9 (RLIN) 353489
Предметна рубрика Соло пеене - тенор
653 ## - Ключова дума – ненормативна
9 (RLIN) 192849
Ключови думи оперни арии
852 ## - Местоположение
Сигнатура (форматна) Ф ІІ 1035
Отдел Хранилище
856 ## - Електронен адрес и достъп
Инструкция (цена за достъп) 0.00
Права за достъп disable
942 ## - АРТИКУЛИ
Вид на библиотечния документ Грамофонни плочи
Скрит в OPAC Не
944 ## - СЪЗДАВАНЕ И РЕДАКЦИЯ на ЗАПИСА
Дата на регистрацията/редакция Геновева Генчева
Служител, извършил регистрацията/редакцията 30560
Създаване/Редакция
Статус, дата на статуса Геновева Генчева
999 ## - СИСТЕМНИ КОНТРОЛНИ НОМЕРА
Koha biblionumber 515700
Koha biblioitemnumber 515700
Наличности
Код за отписване Код за изгубен артикул Източник на класификационната схема Код за повреда Коз за рестрикции Код за отдаване Артикулен № Име на библиотеката - собственик Име на библиотеката, в която се намира в момента Статус (Текущо местоположение) Дата на вписване в системата Местоположение - отдел Цена в лева Инвентарен номер Систематично азбучна сигнатура Баркод Цена в евро Служебен тип на артикула
  Не е изгубен Universal Decimal Classification Не е повреден само за читалня ползва се в читалня 947288 Регионална библиотека "Любен Каравелов" Русе Регионална библиотека "Любен Каравелов" Русе Хранилище 2024-08-22 Основен фонд - ползва се само за читалня 4.50 3477/69 Ф ІІ 1035 900000106676 2.30 Грамофонни плочи
Vip Innovations Ltd, Rousse, Bulgaria 2025